Normal view
MARC view
Entry Topical Term
001 - CONTROL NUMBER
- control field: 50
003 - CONTROL NUMBER IDENTIFIER
- control field: BD-RjUL
005 - DATE AND TIME OF LATEST TRANSACTION
- control field: 20211209001000.0
008 - FIXED-LENGTH DATA ELEMENTS
- fixed length control field: 211209|| aca||aabn | a|a d
040 ## - CATALOGING SOURCE
- Original cataloging agency: BD-RjUL
- Transcribing agency: BD-RjUL
150 ## - HEADING--TOPICAL TERM
- Topical term or geographic name entry element: Ancient Greek poetry
- General subdivision: Works
670 ## - SOURCE DATA FOUND
- Source citation: Work cat.: (BD-RjUL)23864: Campbell, Lewis, 73506, Æschylus : , 1906 [Reprinted 1949].